| 000 | 00490nam a2200181Ia 4500 | ||
|---|---|---|---|
| 005 | 20240605032947.0 | ||
| 008 | 240331s9999 xx 000 0 und d | ||
| 082 |
_bINT _a362 |
||
| 245 | 0 |
_aInternational feminism : _bnetworking against female sexual slavery report |
|
| 260 |
_bThe International Women's Tribune Centre. _c1984 |
||
| 300 | _a141, p., | ||
| 650 | _aFeminism | ||
| 650 | _aSexual Slavery | ||
| 700 | _aBarry, K. | ||
| 700 | _aBunch,C | ||
| 700 | _aCastley,S | ||
| 942 | _cL | ||
| 999 |
_c2926 _d2926 |
||